| 000 | 00520 a2200193 4500 | ||
|---|---|---|---|
| 005 | 20260428135125.0 | ||
| 008 | 260428b |||||||| |||| 00| 0 eng d | ||
| 020 |
_a9789360808242 _cRs. 2395.00 |
||
| 040 | _aMAIN | ||
| 082 |
_a934 _bB789G |
||
| 100 | _aBronkhorst, Johannes | ||
| 245 | _aGreater magadha: Studies in the culture of early India | ||
| 260 |
_bManohar Publishers _c2025 _aNew Delhi |
||
| 300 | _axix, 414 | ||
| 650 | _aHistory | ||
| 650 | _aAncient World | ||
| 650 | _aAncient India | ||
| 942 | _cBK | ||
| 999 |
_c394882 _d394882 |
||